Smart card based protection for dalvik bytecode-dynamically loadable component of an android APK (Record no. 13391)

000 -LEADER
fixed length control field 00510nam a22001337a 4500
082 ## - DEWEY DECIMAL CLASSIFICATION NUMBER
Classification number MSCCS-4 SHO
100 ## - MAIN ENTRY--PERSONAL NAME
Personal name Muhammad Shoaib
9 (RLIN) 28705
245 ## - TITLE STATEMENT
Title Smart card based protection for dalvik bytecode-dynamically loadable component of an android APK
260 ## - PUBLICATION, DISTRIBUTION, ETC.
Place of publication, distribution, etc. Islamabad
Name of publisher, distributor, etc. NUST-SEECS
Date of publication, distribution, etc. 2015
300 ## - PHYSICAL DESCRIPTION
Extent 45p.
Other physical details ill.;
Accompanying material CD-ROM
500 ## - GENERAL NOTE
General note Supervisors: Dr. Abdul Ghafoor Abbasi, Dr. Adnan Kiani, Qaisar Chaudhary, Rahat Masood
856 ## - ELECTRONIC LOCATION AND ACCESS
Uniform Resource Identifier <a href="http://10.250.8.41:8080/xmlui/handle/123456789/6672">http://10.250.8.41:8080/xmlui/handle/123456789/6672</a>
942 ## - ADDED ENTRY ELEMENTS (KOHA)
Koha item type Project Report
Source of classification or shelving scheme
Holdings
Withdrawn status Lost status Damaged status Not for loan Collection code Permanent Location Current Location Shelving location Date acquired Total Checkouts Full call number Barcode Date last seen Price effective from Koha item type Source of classification or shelving scheme
          Central Library (CL) Central Library (CL) Reference 12/14/2015   MSCCS-4 SHO SEECSP01782 12/14/2015 12/14/2015 Project Report  
          Central Library (CL) Central Library (CL) Thesis 09/01/2019   004 CL-T-3237 09/01/2019 09/01/2019 Thesis  
          Central Library (CL) Central Library (CL) Thesis 01/23/2020   005 MSCCS-4 SHO CL-T-4770 01/23/2020 01/23/2020 Thesis  
© 2023 Central Library, National University of Sciences and Technology. All Rights Reserved.